Responses for Show #2275 - Friday, June 24, 1994

Contestants

[<< previous game]

Darel Engen, a graduate student from Los Angeles, California

Kim Smith, a ticket counter originally from Sedalia, Missouri

Elliot Cohen, a researcher from Oakland, California (whose 2-day cash winnings total $31,901)

[next game >>]

Jeopardy! Round responses

THE CONTINENTS
COMEDIANS
ANNUAL EVENTS
THE 1970s
PHOBIAS
ABBREVIATIONS
    $100 2
North America

Darel
    $100 7
Robin Williams

Darel
    $100 19
Easter

Darel
    $100 12
55 miles per hour

Kim
    $100 1
bees

Darel
    $100 22
the appendix

Darel
    $200 3
Antarctica

Elliot
    $200 8
the Keystone Cops

Darel
    $200 27
(Kim: What is Maryland?)

New York

ElliotKim
    $200 13
John Paul I

Darel
    $200 17
dance

Kim
    $200 23
the National Hockey League

Kim
    $300 4
Asia

Elliot
    $300 9
John Cleese

Elliot
    $300 28
Canton

Darel
    $300 14
Yom Kippur

Darel
    $300 18
ghosts

Elliot
    $300 24
Personal identification Number

Kim
    $400 5
Africa

Darel
    $400 10
(Elliot: Who is Rod Taylor?)

Rip Taylor

ElliotDarel
    $400 29
Yale and Harvard

Darel
    $1,300 15
(Darel: What is polio?)

Smallpox

Darel
    $400 20
fear of flying

Darel
    $400 25
(Kim: [*]. [*].)
(Alex: And your phrasing.)
(Kim: What is [*]?)
(Alex: That's it.)

Ibid.

Kim
    $500 6
Australia

Kim
    $500 11
Washington

Elliot
    $500 30
Alice Walker

Kim
    $500 16
My Lai

Kim
    $500 21
pyrophobia

Kim
    $500 26
(Kim: Vertical horizontal system?)

Video Home System

Kim
Triple Stumper

Scores at the first commercial break (after clue 15):

Elliot Kim Darel
$900 $600 $500

Scores at the end of the Jeopardy! Round:

Elliot Kim Darel
$1,400 $2,500 $1,800

Double Jeopardy! Round responses

LATIN AMERICAN HISTORY
BUSINESS & INDUSTRY
GOVERNMENT & POLITICS
TRAVEL & TOURISM
CAUSTIC QUOTES
GREAT SCOTTs
    $200 1
Guantanamo Bay

Kim
    $200 6
Minnesota

Kim
    $200 8
the Federalists

Elliot
    $200 16
Will Rogers

Elliot
    $200 21
a dog

Darel
    $200 22
Willard Scott

Darel
    $400 2
El Salvador

Elliot
    $400 7
Nike

Darel
    $400 12
(Elliot: What is Williamsburg?)

Jamestown

ElliotKim
    $400 17
Scotland

Darel
    $400 30
a conscience

Darel
    $400 23
Scott Joplin

Elliot
    $600 3
Belize

Elliot
    $600 9
Datsun

Kim
    $600 13
the Department of Energy

Kim
    $600 18
Paul Prudhomme

Darel
    $600 29
your enemy

Kim
    $600 24
Scott Turow

Elliot
    $1,200 4
Colombia

Elliot
    $800 10
Delta

Kim
    $1,500 14
Ronald Reagan

Kim
    $800 19
(Darel: What is Kentucky?)

Arizona

KimDarel
    $800 27
Shaw

Elliot
    $800 25
(Darel: Who is Glenn?)

Scott Carpenter

ElliotDarel
    $1000 5
Dom Pedro

Kim
    $1000 11
Gannett

Darel
    $1000 15
(Secretary of) War

Darel
    $1000 20
(Darel: What is St. Peter's?)
(Elliot: What is St. Paul's?)

St. John Lateran

ElliotDarel
Triple Stumper
    $1000 28
victory

Darel
    $1000 26
Winfield Scott

Darel

Scores at the end of the Double Jeopardy! Round:

Elliot Kim Darel
$5,200 $9,200 $5,400

[wagering suggestions for these scores]

Final Jeopardy! Round responses

LAST LINES
ElliotWhat is Father
$5,200
DarelWhat is the only boy I had
$5,350
KimWhat is True Love
$1,800
Playboy of the Western World

Final scores:

Elliot Kim Darel
$0 $7,400 $50
3rd place: Ricardo Beverly Hills luggage set + Wheel of Fortune & Jeopardy! games for the Super Nintendo & Sega Genesis New champion: $7,400 2nd place: trip to Oasis Water Resort Villa Hotel in Palm Springs + Pinseeker golf clubs

Game dynamics:

Coryat scores:

Elliot Kim Darel
$4,800 $8,500 $6,700
15 R
(including 1 DD),
3 W
19 R
(including 1 DD),
2 W
23 R,
4 W
(including 1 DD)

Combined Coryat: $20,000

[game clues] [game scores] [suggest correction]

Game tape date: 1994-02-08
The J! Archive is created by fans, for fans. Scraping, republication, monetization, and malicious use prohibited; this site may use cookies and collect identifying information. See terms. The Jeopardy! game show and all elements thereof, including but not limited to copyright and trademark thereto, are the property of Jeopardy Productions, Inc. and are protected under law. This website is not affiliated with, sponsored by, or operated by Jeopardy Productions, Inc. Join the discussion at JBoard.tv.